000 00726nam a22002057a 4500
999 _c18475
_d18475
003 AR-CdUCM
008 190514b ||||| |||| 00| 0 spa d
040 _aMUNICIPALIDAD PROVINCIAL DEL CUSCO
_cBIBLIOTECA MUNICIPAL DEL CUSCO
082 _a344.512 /
_bP84
100 _aPrado Saldarriaga, Victor R.
_939085
245 _aPolítica criminal peruana /
260 _aLima :
_bCultural Cuzco,
_c1985.
300 _a285 páginas ;
_c21 cm.
505 _aContenido : El entorno social -- Aborto y política criminal en el Perú -- Política criminal y anticonceptivos en le Perú ...
650 _aPolítica
_9291
650 _aCriminal
_924166
650 _aPeruana
_925277
942 _2ddc
_cLIBROS
945 _arah
_d2019/05/14